Music Quiz

Random Music or Song Quiz

Turin Brakes songs Quiz Stats

 Plays Quiz not verified by Sporcle

Challenge
Share
Tweet
Embed
Score 0/60 Timer 10:00
0 Plays Today
Album Song % Correct
The Optimist LPEmergency 72
82.4%
The Optimist LPFeeling Oblivion
82.4%
The Optimist LPUnderdog (Save Me)
76.5%
The Optimist LPMind Over Money
76.5%
The Optimist LPThe Optimist
76.5%
The Optimist LPBy TV Light
70.6%
The Optimist LPSlack
70.6%
JackinaboxJackinabox
70.6%
Dark on FireDark on Fire
70.6%
The Optimist LPFuture Boy
64.7%
The Optimist LPThe Door
64.7%
Ether SongPain Killer (Summer Rain)
64.7%
The Optimist LPThe Road
52.9%
Ether SongLong Distance
52.9%
Ether SongRain City
52.9%
JackinaboxRed Moon
52.9%
OutburstsOutbursts
52.9%
Ether SongAverage Man
47.1%
Ether SongStone Thrown
47.1%
JackinaboxLast Clown
47.1%
The Optimist LPStarship
41.2%
Ether SongPanic Attack
41.2%
JackinaboxFishing for a Dream
41.2%
Dark on FireStalker
41.2%
The Optimist LPState of Things
35.3%
Ether SongBlue Hour
35.3%
Ether SongLittle Brother
35.3%
JackinaboxForever
35.3%
Dark on FireBye Pod
35.3%
OutburstsSea Change
35.3%
Album Song % Correct
Ether SongClear Blue Air
29.4%
Ether SongFull of Stars
29.4%
JackinaboxThey Can't Buy the Sunshine
29.4%
JackinaboxOver and Over
29.4%
JackinaboxCome and Go
29.4%
Dark on FireLast Chance
29.4%
Dark on FireGhost
29.4%
Ether SongSelf Help
23.5%
Dark on FireNew Star
23.5%
OutburstsMirror
23.5%
JackinaboxAsleep with the Fireflys
17.6%
JackinaboxAbove the Clouds
17.6%
Dark on FireSomething in my Eye
17.6%
Dark on FireOther Side
17.6%
OutburstsRocket Song
17.6%
OutburstsApocolips
17.6%
Ether SongFalling Down
11.8%
JackinaboxRoad to Nowhere
11.8%
JackinaboxBuilding Wraps Round Me
11.8%
Dark on FireFor the Fire
11.8%
Dark on FireTimewaster
11.8%
Dark on FireHere Comes the Moon
11.8%
OutburstsPaper Heart
11.8%
OutburstsWill Power
11.8%
Dark on FireReal Life
5.9%
OutburstsThe Invitation
5.9%
OutburstsEmbryos
5.9%
OutburstsNever Stops
5.9%
OutburstsThe Letting Down
5.9%
OutburstsRadio Silence
5.9%

You're not logged in!

Compare scores with friends on all Sporcle quizzes.
OR
Log In

You Might Also Like...

Show Comments

Extras

Created Feb 16, 2012ReportNominate
Tags:Album Quiz, Song Quiz, turin

Top Quizzes Today


Score Distribution

Your Account Isn't Verified!

In order to create a playlist on Sporcle, you need to verify the email address you used during registration. Go to your Sporcle Settings to finish the process.

Report this User

Report this user for behavior that violates our Community Guidelines.

Details: